000
00316nam a2200121Ia 4500
008
190216s9999||||xx |||||||||||||| ||und||
100
_a
"Zarapkar S R,Oak A D,&Amp; Gadgil"
245
0
_a
Elementary Statistical Technics
260
_b
Pearson Education Asia
_c
1978
300
_a
326p
650
_a
Commerce
942
_c
BK
999
_c
4322
_d
4322